000 00329 a2200157 4500
001 62877
020 _a9788586551468
040 _cAnchieta - Pituba
100 _aRodrigues, Elizabeth
240 1 0 _aTerror e aventura
_lpor
245 1 0 _aTerror e aventura
300 _a124
362 0 _a2012
650 4 _aBahia
942 _cBK
999 _c62877
_d62877